NFL Opening-Day Starting Quarterbacks 2025 - Statistics

General Stats
  • This quiz has been taken 27,486 times
  • The average score is 28 of 32
Answer Stats
Team Quarterback % Correct
Chiefs Patrick Mahomes
98%
Bills Josh Allen
97%
Bengals Joe Burrow
95%
49ers Brock Purdy
94%
Eagles Jalen Hurts
94%
Ravens Lamar Jackson
94%
Cowboys Dak Prescott
93%
Dolphins Tua Tagovailoa
93%
Steelers Aaron Rodgers
92%
Buccaneers Baker Mayfield
91%
Bears Caleb Williams
91%
Broncos Bo Nix
90%
Lions Jared Goff
90%
Packers Jordan Love
90%
Chargers Justin Herbert
90%
Rams Matthew Stafford
90%
Commanders Jayden Daniels
88%
Jaguars Trevor Lawrence
88%
Colts Daniel Jones
87%
Cardinals Kyler Murray
87%
Giants Russell Wilson
87%
Texans C.J. Stroud
85%
Patriots Drake Maye
84%
Raiders Geno Smith
84%
Browns Joe Flacco
83%
Vikings J.J. McCarthy
82%
Panthers Bryce Young
81%
Jets Justin Fields
81%
Falcons Michael Penix Jr.
81%
Titans Cam Ward
79%
Seahawks Sam Darnold
79%
Saints Spencer Rattler
66%
No matching quizzes found
Score Distribution
Percent of People with Each Score
Percentile by Number Answered
Your Score History
You have not taken this quiz